[Event "Rohde op 12th"]
[Site "Sautron"]
[Date "2012.10.27"]
[Round "1"]
[White "Rusev, Krasimir"]
[Black "Capitaine, Adrien"]
[Result "1-0"]
[WhiteElo "2549"]
[BlackElo "2108"]
[PlyCount "69"]
[EventDate "2012.10.27"]
[EventType "swiss"]
[EventRounds "9"]
[EventCountry "FRA"]
[SourceTitle "EXT 2014"]
[Source "ChessBase"]
[SourceDate "2013.11.20"]
[SourceVersion "1"]
[SourceVersionDate "2013.11.20"]
[SourceQuality "1"]

1. d4 f5 2. Bg5 h6 3. Bh4 g5 4. e3 Nf6 5. Bg3 Bg7 6. Bd3 e6 7. Nd2 Nc6 8. c3 d6 9. Qc2 Qe7 10. Ne2 Bd7 11. f3 Rf8 12. Bf2 Nd5 13. e4 fxe4 14. fxe4 Nf6 15. h3 Nh5 16. b4 a6 17. a4 Qf6 18. 0-0 Nf4 19. Nxf4 gxf4 20. b5 Ne7 21. e5 dxe5 22. Nf3 exd4 23. cxd4 c6 24. bxa6 bxa6 25. Rab1 Bc8 26. Bh4 Qf7 27. Bxe7 Kxe7 28. Bg6 Qf6 29. Ne5 Qg5 30. Qc5+ Kf6 31. Rb3 Rd8 32. h4 Qxh4 33. Rbf3 Bf8 34. Rxf4+ Kg7 35. Rf7+ 1-0

[Event "FRA-chT1A 0708"]
[Site "France"]
[Date "2008.04.05"]
[Round "11.6"]
[White "Daurelle, Herve"]
[Black "Capitaine, Adrien"]
[Result "1-0"]
[WhiteElo "2242"]
[BlackElo "2138"]
[PlyCount "87"]
[EventDate "2007.10.21"]
[EventType "team"]
[EventRounds "11"]
[EventCountry "FRA"]
[SourceTitle "EXT 2009"]
[Source "ChessBase"]
[SourceDate "2008.11.26"]
[SourceVersion "1"]
[SourceVersionDate "2008.11.26"]
[SourceQuality "1"]
[WhiteTeam "Clichy II"]
[BlackTeam "Guingamp"]
[WhiteTeamCountry "FRA"]
[BlackTeamCountry "FRA"]

1. e4 e5 2. Bc4 f5 3. d3 Nf6 4. Nf3 Nc6 5. 0-0 d6 6. Ng5 d5 7. exd5 Nxd5 8. Nc3 Nce7 9. Re1 Qd6 10. f4 h6 11. Nf3 Nxc3 12. bxc3 exf4 13. Ne5 Bd7 14. Qh5+ g6 15. Nxg6 0-0-0 16. Nxh8 Bg7 17. Nf7 Qc5+ 18. Kh1 Bxc3 19. Nxd8 Bxe1 20. Bb2 Qf2 21. Qf3 Kxd8 22. Qxf2 Bxf2 23. Rf1 Be3 24. Bc1 Ng6 25. Bd5 c6 26. Bf3 Ne5 27. Re1 Bxc1 28. Rxc1 Kc7 29. Rf1 Be6 30. a3 c5 31. Ra1 Nxf3 32. gxf3 Kd6 33. Rg1 Ke5 34. c3 Bd5 35. Kg2 b6 36. Kf2 Kf6 37. Re1 Bc6 38. Rd1 Ke5 39. d4+ Kd5 40. dxc5+ Kxc5 41. Rd4 h5 42. Rxf4 Bd7 43. Rd4 Be6 44. Ke3 1-0

[Event "FRA-chT1A 0708"]
[Site "France"]
[Date "2008.02.09"]
[Round "6.7"]
[White "Triger, Franck"]
[Black "Capitaine, Adrien"]
[Result "1/2-1/2"]
[WhiteElo "2090"]
[BlackElo "2138"]
[PlyCount "76"]
[EventDate "2007.10.21"]
[EventType "team"]
[EventRounds "11"]
[EventCountry "FRA"]
[SourceTitle "EXT 2009"]
[Source "ChessBase"]
[SourceDate "2008.11.26"]
[SourceVersion "1"]
[SourceVersionDate "2008.11.26"]
[SourceQuality "1"]
[WhiteTeam "Noisy le Grand"]
[BlackTeam "Guingamp"]
[WhiteTeamCountry "FRA"]
[BlackTeamCountry "FRA"]

1. d4 f5 2. Bg5 h6 3. Bh4 g5 4. e3 Nf6 5. Bg3 d6 6. Bd3 Nc6 7. h4 g4 8. c3 e6 9. Nd2 Qe7 10. Qc2 Nh5 11. Ne2 Bg7 12. 0-0-0 Rf8 13. f3 gxf3 14. gxf3 Bd7 15. Bf2 0-0-0 16. Rdg1 Bf6 17. e4 Qf7 18. Be3 Rh8 19. Qb3 d5 20. e5 Be7 21. Qd1 Rdg8 22. Rxg8+ Qxg8 23. Rg1 Qf8 24. Qe1 Nd8 25. Nf4 Nxf4 26. Bxf4 c5 27. dxc5 Bxc5 28. Be3 Nc6 29. Nb3 b6 30. Bxc5 bxc5 31. Bb5 Qd8 32. Bxc6 Bxc6 33. Qe3 c4 34. Qc5 Qc7 35. Nd4 Bd7 36. Qxc7+ Kxc7 37. Rg6 Kc8 38. Kd2 h5 1/2-1/2

[Event "Hastings Masters op 81st"]
[Site "Hastings"]
[Date "2006.01.06"]
[Round "10"]
[White "Poobalasingam, Peter"]
[Black "Capitaine, Adrien"]
[Result "0-1"]
[WhiteElo "2060"]
[BlackElo "2186"]
[PlyCount "137"]
[EventDate "2005.12.28"]
[EventType "swiss"]
[EventRounds "10"]
[EventCountry "ENG"]
[SourceTitle "CBM 110 Extra"]
[Source "ChessBase"]
[SourceDate "2006.03.10"]
[SourceVersion "2"]
[SourceVersionDate "2006.03.10"]
[SourceQuality "1"]

1. d4 f5 2. Nf3 Nf6 3. g3 e6 4. Bg2 Be7 5. 0-0 0-0 6. c4 Qe8 7. Nc3 d6 8. Re1 Nc6 9. e4 fxe4 10. Nxe4 Nxe4 11. Rxe4 Qh5 12. Bf4 Bd7 13. d5 Nd8 14. dxe6 Nxe6 15. Nd4 Nxf4 16. Qxh5 Nxh5 17. Rxe7 Nf6 18. Bd5+ Kh8 19. Be6 Bxe6 20. Rxe6 Rfe8 21. Rae1 Rxe6 22. Rxe6 Re8 23. f4 Kg8 24. Rxe8+ Nxe8 25. Kf2 Kf7 26. g4 c6 27. Kf3 Nc7 28. Nf5 Ne8 29. g5 Ke6 30. Ne3 Nc7 31. h4 d5 32. Kg4 d4 33. Nf5 d3 34. Nxg7+ Kd6 35. Nf5+ Kc5 36. Ne3 Ne6 37. Kf3 Kd4 38. f5 Nc5 39. f6 Nd7 40. h5 d2 41. Ke2 d1Q+ 42. Nxd1 Kxc4 43. Kf3 Kd5 44. Ne3+ Ke6 45. Ng4 Kf5 46. g6 hxg6 47. Ne3+ Kxf6 48. hxg6 Kxg6 49. Ke4 Kf6 50. Nc4 b6 51. Nd6 Ke6 52. Nc4 b5 53. Ne3 Kd6 54. b4 c5 55. bxc5+ Kxc5 56. Nc2 Kc4 57. Ke3 Kc3 58. Nd4 a6 59. Ne6 b4 60. Nd4 Nb6 61. Nc6 Nc4+ 62. Ke4 Nb2 63. Kd5 Nd3 64. Nb8 a5 65. Kc6 a4 66. Nd7 b3 67. axb3 a3 68. b4 Nxb4+ 69. Kb5 0-1

[Event "Hastings Masters op 81st"]
[Site "Hastings"]
[Date "2006.01.01"]
[Round "5"]
[White "Capitaine, Adrien"]
[Black "Gunnarsson, Jon Viktor"]
[Result "0-1"]
[WhiteElo "2186"]
[BlackElo "2411"]
[PlyCount "84"]
[EventDate "2005.12.28"]
[EventType "swiss"]
[EventRounds "10"]
[EventCountry "ENG"]
[SourceTitle "CBM 110 Extra"]
[Source "ChessBase"]
[SourceDate "2006.03.10"]
[SourceVersion "2"]
[SourceVersionDate "2006.03.10"]
[SourceQuality "1"]

1. f4 d5 2. Nf3 g6 3. e3 Bg7 4. Be2 c5 5. 0-0 Nc6 6. Qe1 Nh6 7. d3 Nf5 8. c3 e5 9. e4 dxe4 10. dxe4 Nd6 11. Bd3 Qe7 12. Qg3 0-0 13. fxe5 Nxe5 14. Bf4 Re8 15. Bc2 b6 16. Nbd2 Ba6 17. Rf2 Rad8 18. Nxe5 Bxe5 19. Re1 Nc4 20. Nxc4 Bxc4 21. Bb3 Bxb3 22. axb3 Bxf4 23. Qxf4 Qe6 24. c4 Rd4 25. Rfe2 Kg7 26. Qf3 Qe5 27. Qc3 a5 28. g3 f6 29. Qf3 Red8 30. Qf4 Rd3 31. Re3 Rxe3 32. Qxe3 Qxb2 33. Re2 Qd4 34. Kf2 Kf7 35. Kf3 Qxe3+ 36. Rxe3 Ke6 37. Kf4 h5 38. h3 g5+ 39. Kf3 Ke5 40. g4 h4 41. Ke2 Rd4 42. Kf3 Rd2 0-1

[Event "Plancoet op 4th"]
[Site "Plancoet"]
[Date "2004.07.31"]
[Round "8"]
[White "Capitaine, Adrien"]
[Black "Jolly, Jean Francois"]
[Result "1/2-1/2"]
[WhiteElo "2172"]
[BlackElo "2117"]
[PlyCount "29"]
[EventDate "2004.07.25"]
[EventType "swiss"]
[EventRounds "9"]
[EventCountry "FRA"]
[SourceTitle "CBM 101 Extra"]
[Source "ChessBase"]
[SourceDate "2004.09.01"]
[SourceVersion "2"]
[SourceVersionDate "2004.09.01"]
[SourceQuality "1"]

1. f4 d5 2. Nf3 Nf6 3. e3 c5 4. d3 Nc6 5. Be2 g6 6. 0-0 Bg7 7. c3 0-0 8. Qe1 Qc7 9. d4 c4 10. b3 cxb3 11. axb3 Na5 12. Ra3 Bf5 13. Bd2 b6 14. c4 Nb7 15. Nc3 1/2-1/2

[Event "Plancoet op 4th"]
[Site "Plancoet"]
[Date "2004.07.27"]
[Round "3"]
[White "Lucas, Jean"]
[Black "Capitaine, Adrien"]
[Result "0-1"]
[WhiteElo "1989"]
[BlackElo "2172"]
[PlyCount "72"]
[EventDate "2004.07.25"]
[EventType "swiss"]
[EventRounds "9"]
[EventCountry "FRA"]
[SourceTitle "CBM 101 Extra"]
[Source "ChessBase"]
[SourceDate "2004.09.01"]
[SourceVersion "2"]
[SourceVersionDate "2004.09.01"]
[SourceQuality "1"]

1. e4 e5 2. f4 exf4 3. Nf3 d6 4. Bc4 h6 5. b3 Be7 6. 0-0 Nf6 7. Nc3 Nc6 8. d4 g5 9. Bb2 Bg4 10. Qd2 Bh5 11. g3 fxg3 12. hxg3 Qd7 13. Rad1 Qh3 14. Qg2 Qxg2+ 15. Kxg2 0-0-0 16. Rfe1 Rhe8 17. e5 dxe5 18. dxe5 Rxd1 19. Nxd1 Ng4 20. Ne3 Bb4 21. Nxg4 Bxe1 22. Nxe1 Bxg4 23. Bxf7 Re7 24. e6 Bxe6 25. Bxe6+ Rxe6 26. Kf2 Ne5 27. Bxe5 Rxe5 28. Nd3 Rf5+ 29. Ke2 h5 30. c4 Kd7 31. b4 h4 32. g4 Rf6 33. Ne5+ Ke7 34. Nf3 Rf4 35. Nxg5 Rxg4 36. Nf3 Rxc4 0-1

[Event "FRA-chT2 0304a"]
[Site "France"]
[Date "2004.01.17"]
[Round "5.1"]
[White "Petrossian, Armen"]
[Black "Capitaine, Adrien"]
[Result "1/2-1/2"]
[WhiteElo "2324"]
[BlackElo "2165"]
[PlyCount "44"]
[EventDate "2003.10.??"]
[EventType "team"]
[EventRounds "11"]
[EventCountry "FRA"]
[SourceTitle "EXT 2005"]
[Source "ChessBase"]
[SourceDate "2004.11.15"]
[SourceVersion "1"]
[SourceVersionDate "2004.11.15"]
[SourceQuality "1"]
[WhiteTeam "Marseille EFE"]
[BlackTeam "Eybens"]
[WhiteTeamCountry "FRA"]
[BlackTeamCountry "FRA"]

1. e4 e5 2. Nf3 f5 3. Nxe5 Qf6 4. Nc4 fxe4 5. Nc3 Qf7 6. Ne3 c6 7. d3 exd3 8. Bxd3 d5 9. 0-0 Bd6 10. Ne2 Ne7 11. Ng3 Na6 12. f4 Nc5 13. Be2 0-0 14. f5 Bxg3 15. hxg3 Ne4 16. Kh2 Qf6 17. Ng4 Qd6 18. Bf4 Qc5 19. Be3 Qd6 20. Bf4 Qc5 21. Be3 Qd6 22. Bf4 Qc5 1/2-1/2

[Event "Plancoet op 2nd"]
[Site "Plancoet"]
[Date "2002.08.01"]
[Round "7.6"]
[White "Capitaine, Adrien"]
[Black "Maupin, Jean Paul"]
[Result "1/2-1/2"]
[WhiteElo "2162"]
[BlackElo "2051"]
[PlyCount "38"]
[EventDate "2002.07.23"]
[EventType "swiss"]
[EventRounds "9"]
[EventCountry "FRA"]
[SourceTitle "EXT 2003"]
[Source "ChessBase"]
[SourceDate "2002.11.25"]
[SourceVersion "1"]
[SourceVersionDate "2002.11.25"]
[SourceQuality "1"]

1. e4 c5 2. Nf3 e6 3. d4 cxd4 4. Nxd4 Nf6 5. Nc3 Nc6 6. Be2 Bb4 7. Bf3 Qa5 8. 0-0 Bxc3 9. bxc3 0-0 10. Bb2 Ne5 11. Nb3 Qc7 12. Qd4 d5 13. Nd2 Rd8 14. exd5 Nxf3+ 15. Nxf3 Rxd5 16. Qh4 b5 17. Rad1 Rh5 18. Qg3 e5 19. Rfe1 Bg4 1/2-1/2

[Event "Plancoet op 2nd"]
[Site "Plancoet"]
[Date "2002.07.29"]
[Round "3.5"]
[White "Capitaine, Adrien"]
[Black "Lucas, Jean"]
[Result "1-0"]
[WhiteElo "2162"]
[BlackElo "2048"]
[PlyCount "77"]
[EventDate "2002.07.23"]
[EventType "swiss"]
[EventRounds "9"]
[EventCountry "FRA"]
[SourceTitle "EXT 2003"]
[Source "ChessBase"]
[SourceDate "2002.11.25"]
[SourceVersion "1"]
[SourceVersionDate "2002.11.25"]
[SourceQuality "1"]

1. e4 e5 2. Bc4 Bc5 3. Nc3 Nf6 4. d3 d6 5. Bg5 h6 6. Bh4 g5 7. Bg3 a6 8. h4 g4 9. h5 Be6 10. Bxe6 fxe6 11. Bh4 Nbd7 12. f3 gxf3 13. Qxf3 Qe7 14. 0-0-0 0-0-0 15. Nge2 Rdf8 16. Ng3 Qg7 17. Rdf1 Ng4 18. Qe2 Ne3 19. Rf3 Rxf3 20. gxf3 Rf8 21. Nd1 Nxd1 22. Kxd1 Qf7 23. Rf1 Qf4 24. Qh2 Qe3 25. Qe2 Qf4 26. Qh2 Nf6 27. Qh3 Kd7 28. Ne2 Qe3 29. Be1 Qg5 30. Rh1 d5 31. Bd2 Be3 32. Rg1 Bxd2 33. Rxg5 Bxg5 34. Qh2 Kd6 35. d4 Nd7 36. dxe5+ Nxe5 37. f4 Nf3 38. Qg3 dxe4 39. fxg5+ 1-0

[Event "Plancoet op 2nd"]
[Site "Plancoet"]
[Date "2002.07.28"]
[Round "2.8"]
[White "Weinreich, Francis"]
[Black "Capitaine, Adrien"]
[Result "0-1"]
[WhiteElo "1840"]
[BlackElo "2162"]
[PlyCount "55"]
[EventDate "2002.07.23"]
[EventType "swiss"]
[EventRounds "9"]
[EventCountry "FRA"]
[SourceTitle "EXT 2003"]
[Source "ChessBase"]
[SourceDate "2002.11.25"]
[SourceVersion "1"]
[SourceVersionDate "2002.11.25"]
[SourceQuality "1"]

1. d4 f5 2. e3 Nf6 3. Bd3 d6 4. f4 g6 5. Nf3 Bg7 6. c4 0-0 7. Qb3 e6 8. Nc3 Nc6 9. 0-0 Qe7 10. Bd2 b6 11. Ne5 h6 12. Nf3 Bb7 13. Ne2 Kh7 14. h3 Ne4 15. Be1 Qf7 16. Qc2 Ne7 17. Nc3 Nf6 18. Qf2 Nd7 19. g4 c5 20. Ne2 e5 21. fxe5 dxe5 22. Nd2 cxd4 23. exd4 exd4 24. gxf5 Nxf5 25. Bxf5 Qxf5 26. Qxf5 gxf5 27. Nf4 Be5 28. Nd3 0-1

[Event "Fouesnant op 07th"]
[Site "Fouesnant"]
[Date "2001.10.28"]
[Round "2"]
[White "Capitaine, Adrien"]
[Black "David, Vincent"]
[Result "1-0"]
[WhiteElo "2122"]
[BlackElo "2270"]
[PlyCount "59"]
[EventDate "2001.10.27"]
[EventType "swiss"]
[EventRounds "7"]
[EventCountry "FRA"]
[SourceTitle "EXT 2003"]
[Source "ChessBase"]
[SourceDate "2002.11.25"]
[SourceVersion "1"]
[SourceVersionDate "2002.11.25"]
[SourceQuality "1"]

1. e4 c5 2. Nf3 a6 3. c4 e6 4. Nc3 Qc7 5. d4 cxd4 6. Nxd4 Nf6 7. f4 d6 8. Bd3 Be7 9. Nc2 b6 10. 0-0 Bb7 11. Qe1 Nbd7 12. b4 Rc8 13. Bb2 0-0 14. a3 Qb8 15. Rd1 Rfe8 16. Rd2 Bf8 17. Re2 e5 18. f5 Bc6 19. Qh4 b5 20. cxb5 axb5 21. Ne3 Nb6 22. Rf3 d5 23. exd5 Nbxd5 24. Ncxd5 Bxd5 25. Nxd5 Nxd5 26. f6 g6 27. Bxg6 hxg6 28. Rh3 Bh6 29. Qxh6 Qb6+ 30. Rf2 1-0

[Event "Fouesnant op 07th"]
[Site "Fouesnant"]
[Date "2001.10.27"]
[Round "1"]
[White "Jacob, Yann"]
[Black "Capitaine, Adrien"]
[Result "0-1"]
[WhiteElo "1600"]
[BlackElo "2121"]
[PlyCount "52"]
[EventDate "2001.10.27"]
[EventType "swiss"]
[EventRounds "7"]
[EventCountry "FRA"]
[SourceTitle "EXT 2003"]
[Source "ChessBase"]
[SourceDate "2002.11.25"]
[SourceVersion "1"]
[SourceVersionDate "2002.11.25"]
[SourceQuality "1"]

1. d4 f5 2. c4 Nf6 3. Nc3 g6 4. Nf3 Bg7 5. b3 d6 6. Bb2 c6 7. Qd2 0-0 8. g3 Qe8 9. Bg2 e5 10. 0-0 e4 11. Ne1 d5 12. cxd5 cxd5 13. e3 a6 14. Na4 Qd8 15. b4 b6 16. Nc2 Nc6 17. a3 Ne7 18. Rac1 g5 19. Na1 Ng6 20. Bh3 Bd7 21. Nc3 f4 22. Bxd7 Qxd7 23. exf4 gxf4 24. gxf4 Qg4+ 25. Kh1 Qf3+ 26. Kg1 Nh4 0-1

[Event "Olomouc op"]
[Site "Olomouc"]
[Date "2001.08.05"]
[Round "4"]
[White "Markovic, Ivan1111"]
[Black "Capitaine, Adrien"]
[Result "1-0"]
[WhiteElo "2313"]
[BlackElo "2128"]
[PlyCount "119"]
[EventDate "2001.08.02"]
[EventType "swiss"]
[EventRounds "9"]
[EventCountry "CZE"]
[SourceTitle "EXT 2002"]
[Source "ChessBase"]
[SourceDate "2001.11.25"]
[SourceVersion "1"]
[SourceVersionDate "2001.11.25"]
[SourceQuality "1"]

1. e4 e5 2. Nc3 Nc6 3. Bc4 Bc5 4. Qg4 g6 5. Qf3 f6 6. Nge2 d6 7. a3 Nd4 8. Nxd4 Bxd4 9. Ne2 Bb6 10. 0-0 Qe7 11. Qb3 Qg7 12. a4 a6 13. a5 Ba7 14. Be6 c6 15. c3 Bxe6 16. Qxe6+ Qe7 17. Qc4 f5 18. exf5 gxf5 19. d4 d5 20. Qb3 e4 21. f3 0-0-0 22. fxe4 fxe4 23. Bf4 Bb8 24. c4 Nf6 25. Qh3+ Nd7 26. cxd5 Bxf4 27. Nxf4 cxd5 28. Nxd5 Qd6 29. Qf5 Rhe8 30. Rfe1 Kb8 31. Rxe4 Rxe4 32. Qxe4 Nf8 33. Nb6 Qxd4+ 34. Qxd4 Rxd4 35. Rc1 Rd8 36. g4 Ne6 37. Rc4 Nd4 38. Kg2 Nc6 39. b4 Rd2+ 40. Kg3 Kc7 41. Rf4 Rd3+ 42. Kh4 Ne5 43. Rf6 Ng6+ 44. Kg5 Rh3 45. Nd5+ Kd7 46. Rb6 Kc8 47. Nf6 Ne7 48. Ne4 Rxh2 49. Rh6 Re2 50. Nc5 Nc6 51. Rxh7 Nxb4 52. Nxb7 Nc6 53. Kf6 Ra2 54. g5 Rf2+ 55. Ke6 Nd4+ 56. Kd5 Nf5 57. Kc6 Rc2+ 58. Kb6 Nd4 59. Rh8+ Kd7 60. Rd8+ 1-0

[Event "FRA-chT3 01"]
[Site "France"]
[Date "2001.04.01"]
[Round "9"]
[White "Demanghon, Jonathan"]
[Black "Capitaine, Adrien"]
[Result "0-1"]
[WhiteElo "2128"]
[BlackElo "2064"]
[PlyCount "62"]
[EventDate "2001.??.??"]
[EventType "team"]
[EventRounds "9"]
[EventCountry "FRA"]
[SourceTitle "EXT 2002"]
[Source "ChessBase"]
[SourceDate "2001.11.25"]
[SourceVersion "1"]
[SourceVersionDate "2001.11.25"]
[SourceQuality "1"]
[WhiteTeam "Rennes"]
[BlackTeam "Yffiniac"]
[WhiteTeamCountry "FRA"]
[BlackTeamCountry "FRA"]

1. c4 e5 2. Nc3 Nc6 3. Nf3 f5 4. d4 e4 5. Ne5 Nf6 6. Bg5 Be7 7. e3 0-0 8. c5 Kh8 9. h3 Nxe5 10. dxe5 Ne8 11. Bxe7 Qxe7 12. Qd4 b6 13. cxb6 axb6 14. Bc4 Bb7 15. 0-0 c5 16. Nd5 cxd4 17. Nxe7 d3 18. f3 Nc7 19. fxe4 Bxe4 20. g4 g6 21. gxf5 gxf5 22. Rf4 Rae8 23. Nxf5 Bxf5 24. Raf1 d2 25. Bb3 d1Q 26. Bxd1 Rg8+ 27. Kh2 Bd3 28. R1f2 Rxe5 29. Rf7 Rxe3 30. Rxd7 Ne6 31. Bb3 Nc5 0-1

[Event "FRA-chT3 01"]
[Site "France"]
[Date "2000.11.19"]
[Round "3"]
[White "Pascot, Jean"]
[Black "Capitaine, Adrien"]
[Result "0-1"]
[WhiteElo "2010"]
[BlackElo "2076"]
[PlyCount "80"]
[EventDate "2001.??.??"]
[EventType "team"]
[EventRounds "9"]
[EventCountry "FRA"]
[SourceTitle "EXT 2002"]
[Source "ChessBase"]
[SourceDate "2001.11.25"]
[SourceVersion "1"]
[SourceVersionDate "2001.11.25"]
[SourceQuality "1"]
[WhiteTeam "Auray"]
[BlackTeam "Yffiniac"]
[WhiteTeamCountry "FRA"]
[BlackTeamCountry "FRA"]

1. e4 e5 2. Nf3 f5 3. Bc4 fxe4 4. Nxe5 d5 5. Qh5+ g6 6. Nxg6 hxg6 7. Qxg6+ Kd7 8. Bxd5 Nf6 9. Nc3 Qe7 10. d4 exd3+ 11. Kd1 Nxd5 12. Qxd3 c6 13. Re1 Qf7 14. Ne4 b5 15. Qd4 Bg7 16. Qc5 Qg6 17. Bg5 Na6 18. Qa3 Re8 19. Qh3+ Kc7 20. Qg3+ Be5 21. f4 Bd6 22. Bd8+ Rxd8 23. Qxg6 Bxf4 24. Ke2 Be5 25. Kf1 Bd4 26. Qg3+ Kb6 27. c3 Rf8+ 28. Ke2 Nf4+ 29. Kd2 Bc5 30. Nxc5 Nxc5 31. b4 Rd8+ 32. Kc2 Bf5+ 33. Kb2 Ncd3+ 34. Ka3 a5 35. Qe3+ Kb7 36. Qe7+ Rd7 37. Qf6 axb4+ 38. Kb3 Ra3+ 39. Kc2 Nxe1+ 40. Kc1 Rxc3+ 0-1

[Event "Avoine op 15th"]
[Site "Avoine"]
[Date "2000.07.29"]
[Round "8"]
[White "Schumacher, Helmut"]
[Black "Capitaine, Adrien"]
[Result "0-1"]
[WhiteElo "2184"]
[BlackElo "2076"]
[PlyCount "54"]
[EventDate "2000.07.03"]
[EventType "swiss"]
[EventRounds "9"]
[EventCountry "FRA"]
[SourceTitle "EXT 2001"]
[Source "ChessBase"]
[SourceDate "2000.11.22"]
[SourceVersion "1"]
[SourceVersionDate "2000.11.22"]
[SourceQuality "1"]

1. d4 f5 2. g3 Nf6 3. Bg2 e6 4. Nf3 Be7 5. 0-0 0-0 6. c4 d6 7. b3 c6 8. Bb2 Qe8 9. Nc3 Qh5 10. e3 Nbd7 11. Ne1 Qh6 12. Nd3 e5 13. dxe5 dxe5 14. e4 f4 15. gxf4 exf4 16. e5 Ng4 17. Qxg4 Nxe5 18. Qe2 f3 19. Qxe5 Bd6 20. Bc1 Qg6 21. Qg5 Qxd3 22. Bb2 fxg2 23. Qxg2 Bh3 24. Rfd1 Qf5 25. Qxh3 Qxh3 26. Rxd6 Rxf2 27. Kxf2 Qxh2+ 0-1

[Event "Fouesnant op 06th"]
[Site "Fouesnant"]
[Date "2000.??.??"]
[Round "8"]
[White "Tripoteau, Nicolas"]
[Black "Capitaine, Adrien"]
[Result "1-0"]
[WhiteElo "2174"]
[BlackElo "2058"]
[PlyCount "61"]
[EventDate "2000.10.??"]
[EventType "swiss"]
[EventRounds "9"]
[EventCountry "FRA"]
[SourceTitle "EXT 2002"]
[Source "ChessBase"]
[SourceDate "2001.11.25"]
[SourceVersion "1"]
[SourceVersionDate "2001.11.25"]
[SourceQuality "1"]

1. e4 e5 2. Nf3 Nc6 3. Bb5 f5 4. Nc3 Nf6 5. Qe2 Qe7 6. Bxc6 bxc6 7. exf5 e4 8. Nd4 c5 9. Nb3 d5 10. 0-0 a5 11. Qb5+ Qd7 12. a4 c6 13. Qe2 Be7 14. f3 Ba6 15. d3 exd3 16. cxd3 0-0 17. Rd1 c4 18. dxc4 Bxc4 19. Qc2 Ne8 20. Ne4 Qxf5 21. Nd4 Qg6 22. b3 Ba6 23. Nxc6 Bh4 24. Rxd5 Rxf3 25. Bg5 Bd3 26. Ne7+ Kf7 27. Nxg6 Bxc2 28. Nxh4 Bxe4 29. Rd7+ Ke6 30. Re7+ Kd6 31. gxf3 1-0